Rozvoj vedy a výskumu. Informačné a komunikačné technológie

Súčasný stav v oblasti výskumu a vývoja v IKT v EÚ a jeho porovnanie so SR. Neuralgické body výskumu a vývoja v oblasti IKT v SR. Konkrétne oblasti rozvoja IKT v nasledujúcich rokoch. Prognóza vývoja vo výskume a vývoji v IKT.

Gespeichert in:
Bibliographische Detailangaben
1. Verfasser: Dado, Milan
Weitere Verfasser: Drozdová, Matilda, Čorejová, Tatiana
Format: Buchkapitel
Sprache:Slowakisch
Schlagworte:
Tags: Tag hinzufügen
Keine Tags, Fügen Sie das erste Tag hinzu!

MARC

LEADER 00000nla$a2200000$$$4500
001 0079791
005 20221128083857.5
041 0 |a slo 
044 |a SK 
245 1 0 |a Rozvoj vedy a výskumu. Informačné a komunikačné technológie  |c Milan Dado, Matilda Drozdová, Tatiana Čorejová 
520 |a Súčasný stav v oblasti výskumu a vývoja v IKT v EÚ a jeho porovnanie so SR. Neuralgické body výskumu a vývoja v oblasti IKT v SR. Konkrétne oblasti rozvoja IKT v nasledujúcich rokoch. Prognóza vývoja vo výskume a vývoji v IKT. 
610 2 0 |a výskum 
610 2 0 |a vývoj 
610 2 0 |a technológie informačné 
610 2 0 |a technológie komunikačné 
610 2 0 |a inovácia 
100 1 |a Dado, Milan 
700 1 |a Drozdová, Matilda 
700 1 |a Čorejová, Tatiana